Przystanki Linia 56 Szczecin - Statystyki

Ogólne statystyki
  • Ten quiz został rozwiązany 18 razy
  • Średni wynik to 13 z 13
Statystyki odpowiedzi
Numer Przystanek % Poprawnych
12 Basen Górniczy
100%
13 Basen Górniczy
100%
1 Dąbie Osiedle
100%
3 Jugosłowiańska
100%
11 Księżnej Anny
100%
4 Plac Słowiański
100%
7 Przestrzenna
100%
9 Przystań Żeglarska
100%
2 Warmińska
100%
8 Centrum Żeglarskie
90%
10 Lotnisko
90%
6 Przybrzeżna
90%
5 Emilii Gierczak
80%
Nie znaleziono quizów pasujących do podanych kryteriów
Rozkład punktacji
Procent ludzi z każdym wynikiem
Percentyl według liczby udzielonych odpowiedzi
Twoja historia wyników
Nie rozwiązałeś tego quizu